| 000 | 01050nam a2200289 a 4500 | ||
|---|---|---|---|
| 001 | 000025782 | ||
| 003 | DO-SdBNP | ||
| 005 | 20211115085011.0 | ||
| 008 | 110222s2003 dr 000 0 spa d | ||
| 040 |
_aDO-SdBNP _bspa _cBNPHU |
||
| 082 |
_a346.72930135 _bR426c, 2003 |
||
| 110 | 1 |
_aRepública Dominicana. _9447 |
|
| 240 | 1 | 0 | _a[Leyes, etc.] |
| 245 | 1 | 0 | _aCódigo para el sistema de protección y los derechos fundamentales de niños, niñas y adolescentes ley 136-03. |
| 246 | 1 | 1 | _aLey 136-03 |
| 260 |
_aSanto Domingo : _bTele 3, _c2003. |
||
| 300 |
_a146 p. ; _c29 cm. |
||
| 590 | _aInventariado, 2018/BT | ||
| 650 | 4 |
_aDerecho del familia _xLegislación _zRepública Dominicana _952584 |
|
| 650 | 4 |
_aTrabajo social con niños _xLegislación _917172 |
|
| 650 | 4 |
_aNiños _xSituación legal _95138 |
|
| 650 | 4 |
_aLeyes _zRepública Dominicana _93033 |
|
| 651 | 4 |
_aRepública Dominicana _xLey 136-03 _917173 |
|
| 710 |
_aFondo de las Naciones Unidas para la Infancia _99270 |
||
| 910 | _aValidado. Control de calidad. EMS | ||
| 942 |
_2ddc _cLBS1 |
||
| 999 |
_c25274 _d25274 |
||